000
00215 a2200109 4500
020
_a
9780545768900
041
_a
spa
100
_a
Nick Bruel
245
_a
Feliz Cumpleaǫs Minina Mala
942
_c
BK
952
_7
1
999
_c
24298
_d
24298